Statistics for football players by their countries

Click here to take the quiz!

General Stats

  • This quiz has been taken 140 times
  • The average score is 16 of 20

Answer Stats

IndiceAnswer% Correct
Zinedine ZidaneFrance
98%
Paolo MaldiniItalie
88%
EusebioPortugal
87%
Diego MaradonaArgentine
86%
PeléBresil
86%
Wayne RooneyAngleterre
86%
Ruud Van NistelrooyPays Bas
82%
Michael BallackAllemagne
78%
Samuel Eto'oCameroun
77%
Jay-Jay OkochaNigeria
77%
Hidetoshi NakataJapon
77%
Kenny DalglishEcosse
73%
Ryan GiggsPays de Galles
73%
Diego ForlanUruguay
73%
Gheorghe HagiRoumanie
72%
Nemanja VidicSerbie
72%
George BestIrlande du Nord
70%
Pavel NedvědTchequie
68%
Michael EssienGhana
67%
Jari LitmanenFinlande
65%

Score Distribution

Percentile by Number Answered

Percent of People with Each Score

Your Score History

You have not taken this quiz